000 00438nam a2200181Ia 4500
001 12194
005 20260306162923.0
008 260306t2019||||xx |||||||||||||| ||spa||
041 _aESP
082 _aHR 340
_bSET 2019 QUORUM
110 _aEstudio Muñiz
245 0 _aQUORUM:
_buna revista del Estudio Muñiz
260 _c2019
300 _a25 páginas :
_c28 cm.
650 _aGEN
654 _aCDE
942 _cREV
_dJUS
_fJUS
_2ddc
_n
999 _c12194
_d12194